00775cam a22002173a 450000100060000000300060000600500170001200800410002904000150007004200070008505000070009210000420009924502200014126000290036150600300039051600200042065300350044065300110047583000290048685600420051521822PGUSA20140828083450.0070612s2007||||xxu|||||s|||||000 | eng d aPGUSAbeng adc 4aPR1 aStevens, George Alexander,d1710-178012aA Lecture On Heads :bAs Delivered By Mr. Charles Lee Lewes, To Which Is Added, An Essay On Satire, With Forty-Seven Heads By Nesbit, From Designs By Thurston, 1812h[electronic resource] /cGeorge Alexander Stevens bProject Gutenberg,c2007 aPublic domain in the USA. aElectronic text aCharacters and characteristics aSatire 0aProject Gutenbergv2182240uhttp://www.gutenberg.org/ebooks/21822